00595 2200217 4500001002100000005001500021035002000036007000300056008004100059020002200100082001400122084002000136100005400156245005200210250001200262260003700274300002300311600002400334856000800358990001100366INLIS00000000000031720260310014446 a0010-0326000079ta260310 0  a978-602-1243-19-0 a297.61522 a297.61522 DR. l0 aDR.AIDH BIN ABDULLAH AL-QARNI ,MUHAMMAD BIN QUSRI1 aLA THAZAN FOR WOMEN :b130 CARA MENIKMATI HIDUP aPERTAMA aSOLO :bTAQIYA PUBLISHING,c2015 a324 hlm ;c21,5 cm 4ala tahzan for women a300 a35.982